Sports Quiz

Random Sports or NCAA Quiz

NCAA Tournament Winners Quiz Stats

 Plays Quiz Updated Apr 8, 2019

Score 0/81 Timer 10:00
2 Plays Today
Year College % Correct
2019Virginia
90.1%
2017North Carolina
85.6%
2018Villanova
84.5%
2015Duke
84.2%
2016Villanova
84.2%
2012Kentucky
81.2%
2014Connecticut
77.3%
2008Kansas
77.1%
2013Louisville (vacated)
76.5%
2007Florida
73.7%
2006Florida
72.7%
2005North Carolina
70.7%
2001Duke
67.3%
2009North Carolina
67.3%
2003Syracuse
65.6%
1991Duke
65.4%
1992Duke
65.4%
1972UCLA
63.1%
1971UCLA
63.1%
1973UCLA
63.1%
1970UCLA
62.9%
1969UCLA
62.2%
1968UCLA
61.8%
2004Connecticut
61.4%
1967UCLA
61.3%
2000Michigan State
61%
2002Maryland
58.8%
Year College % Correct
1990UNLV
57.2%
1993North Carolina
56.1%
1965UCLA
55.2%
1999Connecticut
55%
1996Kentucky
55%
1998Kentucky
54.7%
1997Arizona
53.8%
1982North Carolina
53.6%
1964UCLA
52.9%
1975UCLA
52.7%
1995UCLA
52.6%
1985Villanova
50.6%
2010Duke
49.9%
1984Georgetown
49.7%
1988Kansas
49.5%
1989Michigan
49.4%
1994Arkansas
49.2%
1987Indiana
48.6%
1983NC State
48.6%
1979Michigan State
46.4%
1976Indiana
44.9%
1981Indiana
42.7%
1986Louisville
40.3%
1980Louisville
36.3%
1978Kentucky
36.2%
1966UTEP
34.7%
1939Oregon
34.5%
Year College % Correct
1974NC State
34.1%
1977Marquette
34%
2011Connecticut
31.3%
1958Kentucky
28.7%
1948Kentucky
28.6%
1951Kentucky
28.6%
1949Kentucky
28.2%
1960Ohio State
27.4%
1961Cincinnati
27.1%
1956San Francisco
27%
1955San Francisco
26.9%
1962Cincinnati
26.2%
1957North Carolina
25.6%
1940Indiana
23.5%
1952Kansas
23.3%
1950CCNY
19.6%
1953Indiana
19.5%
1963Loyola (Ill.)
19.5%
1941Wisconsin
19.1%
1945Oklahoma A&M
17.6%
1946Oklahoma A&M
17.6%
1947Holy Cross
16.4%
1959California
16%
1942Stanford
15.9%
1943Wyoming
15.7%
1954La Salle
15.4%
1944Utah
14.7%

You're not logged in!

Compare scores with friends on all Sporcle quizzes.
OR
Log In

Show Comments

Extras

Top Quizzes Today


Score Distribution

Your Account Isn't Verified!

In order to create a playlist on Sporcle, you need to verify the email address you used during registration. Go to your Sporcle Settings to finish the process.

Report this User

Report this user for behavior that violates our Community Guidelines.

Details: